Southville International School and Colleges
Your cart is empty.
  • Cart
  • Lists
    Public lists Eva Luna New books Lux_list list_1
    Your lists Log in to create your own lists
  • Log in to your account
  • Your cookies
  • Search history
Southville International School and Colleges
  • Advanced search
  • Recent comments
  • Most popular
  • Libraries

Log in to your account

Log in with GOOGLE


If you do not have an external account, but do have a local account, you can still log in:

  1. Home
  2. MARC view: How to say it performance reviews :
Normal view MARC view ISBD view

How to say it performance reviews : (Record no. 15539)

[ view plain ]
MARC details
000 -LEADER
fixed length control field 01632cam a2200397 a 4500
001 - CONTROL NUMBER
control field 14545728
003 - CONTROL NUMBER IDENTIFIER
control field OSt
005 - DATE AND TIME OF LATEST TRANSACTION
control field 20140310182740.0
008 - FIXED-LENGTH DATA ELEMENTS--GENERAL INFORMATION
fixed length control field 060911s2006 nyu 000 0 eng
010 ## - LIBRARY OF CONGRESS CONTROL NUMBER
LC control number 2006030149
020 ## - INTERNATIONAL STANDARD BOOK NUMBER
International Standard Book Number 0735204128
020 ## - INTERNATIONAL STANDARD BOOK NUMBER
International Standard Book Number 9780735204126
035 ## - SYSTEM CONTROL NUMBER
System control number (OCoLC)ocm71507174
035 ## - SYSTEM CONTROL NUMBER
System control number (OCoLC)71507174
040 ## - CATALOGING SOURCE
Original cataloging agency DLC
Transcribing agency DLC
Modifying agency YDX
-- BAKER
-- YDXCP
-- DLC
050 00 - LIBRARY OF CONGRESS CALL NUMBER
Classification number HF 5549.5.R3
Item number .R86 2006
100 1# - MAIN ENTRY--PERSONAL NAME
Personal name Runion, Meryl.
245 10 - TITLE STATEMENT
Title How to say it performance reviews :
Remainder of title phrases and strategies for painless and productive performance reviews /
Statement of responsibility, etc Meryl Runion and Janelle Brittain.
250 ## - EDITION STATEMENT
Edition statement 1st ed.
260 ## - PUBLICATION, DISTRIBUTION, ETC. (IMPRINT)
Place of publication, distribution, etc New York :
Name of publisher, distributor, etc Prentice Hall Press/Penguin Group,
Date of publication, distribution, etc 2006.
300 ## - PHYSICAL DESCRIPTION
Extent 207 p. :
Dimensions 19 cm.
440 #0 - SERIES STATEMENT/ADDED ENTRY--TITLE
Title How to say it
500 ## - GENERAL NOTE
General note "A Prentice Hall Book."--T.p. verso.
521 ## - TARGET AUDIENCE NOTE
Target audience note
650 #0 - SUBJECT ADDED ENTRY--TOPICAL TERM
Topical term or geographic name as entry element Employees
General subdivision Rating of.
650 #0 - SUBJECT ADDED ENTRY--TOPICAL TERM
Topical term or geographic name as entry element Performance
General subdivision Terminology.
650 #0 - SUBJECT ADDED ENTRY--TOPICAL TERM
Topical term or geographic name as entry element Employees
General subdivision Rating of
-- Terminology.
700 1# - ADDED ENTRY--PERSONAL NAME
Personal name Brittain, Jan.
856 41 - ELECTRONIC LOCATION AND ACCESS
Materials specified Table of contents only
Uniform Resource Identifier <a href="http://www.loc.gov/catdir/toc/ecip071/2006030149.html">http://www.loc.gov/catdir/toc/ecip071/2006030149.html</a>
856 42 - ELECTRONIC LOCATION AND ACCESS
Materials specified Contributor biographical information
Uniform Resource Identifier <a href="http://www.loc.gov/catdir/enhancements/fy0720/2006030149-b.html">http://www.loc.gov/catdir/enhancements/fy0720/2006030149-b.html</a>
856 42 - ELECTRONIC LOCATION AND ACCESS
Materials specified Publisher description
Uniform Resource Identifier <a href="http://www.loc.gov/catdir/enhancements/fy0720/2006030149-d.html">http://www.loc.gov/catdir/enhancements/fy0720/2006030149-d.html</a>
906 ## - LOCAL DATA ELEMENT F, LDF (RLIN)
a 7
b cbc
c orignew
d 1
e ecip
f 20
g y-gencatlg
942 ## - ADDED ENTRY ELEMENTS (KOHA)
Source of classification or shelving scheme Library of Congress Classification
Koha item type Books
Call number prefix Foreign
Holdings
Withdrawn status Lost status Source of classification or shelving scheme Damaged status Home library Current library Shelving location Date acquired Source of acquisition Cost, normal purchase price Total Checkouts Full call number Barcode Date last seen Copy number Price effective from Koha item type
    Library of Congress Classification   College Library College Library General Circulation Section 10/26/2011   529.00   HF 5549.5.R3 .R86 2006 C13867 05/15/2018 1 10/18/2013 Books

How to say it performance reviews :

APA

Runion M., Brittain J., . (2006). How to say it performance reviews. New York: Prentice Hall Press/Penguin Group.

Chicago

Runion Meryl, Brittain Jan, . 2006. How to say it performance reviews. New York: Prentice Hall Press/Penguin Group.

Harvard

Runion M., Brittain J., . (2006). How to say it performance reviews. New York: Prentice Hall Press/Penguin Group.

MLA

Runion Meryl, Brittain Jan, . How to say it performance reviews. New York: Prentice Hall Press/Penguin Group. 2006.

  • Place hold
  • Print
  • Cite
  • Add to your cart (remove)
  • Save record
    BIBTEX Dublin Core MARCXML MARC (non-Unicode/MARC-8) MARC (Unicode/UTF-8) MARC (Unicode/UTF-8, Standard) MODS (XML) RIS
  • More searches
    Search for this title in:
    Other Libraries (WorldCat) Other Databases (Google Scholar) Online Stores (Bookfinder.com) Open Library (openlibrary.org)

Exporting to Dublin Core...

SOUTHVILLE LIBRARY

Southville International School and Colleges Library

1281 Tropical Ave. Cor. Luxembourg St., BF Homes International, Las Pinas City

Tel. No. 8256374 / 252358 Loc. 117/146

Powered by Koha